Statistics for Beatles Lyrics with No Hints (1)

Click here to take the quiz!

General Stats

  • This quiz has been taken 229 times
  • The average score is 88 of 194

Answer Stats

Answer% Correct
I
99%
a
97%
A
97%
he
92%
The
92%
the
92%
you
89%
When
80%
in
78%
and
77%
And
77%
me
77%
to
76%
do
73%
do (x6)
73%
it
71%
my
71%
no
70%
your
69%
on
66%
is
64%
Is
64%
can
63%
not
55%
girl
54%
that
54%
I'm
53%
who
53%
know
51%
of
51%
like
48%
are
47%
man
46%
(oh
46%
oh
46%
She's
46%
yes
45%
his
43%
with
43%
hand
42%
yeah
41%
yeah)
41%
don't
40%
need
39%
arms
37%
hold
37%
Well
36%
well
36%
going
34%
Down
32%
down
32%
feel
32%
harm
32%
warm
30%
Because
29%
cause
29%
much
29%
gun
27%
gun (x6)
27%
happiness
27%
Happiness
27%
hands
26%
Mother
26%
misses
25%
eyes
24%
touch
22%
window
22%
jumped
21%
Superior
21%
bang
20%
(bang
20%
finger
20%
fix
20%
pane
20%
working
20%
left
19%
nobody
19%
shoot
19%
shoot)
19%
trigger
19%
Trust
19%
while
19%
acquainted
18%
boots
18%
overtime
18%
which
18%
National
17%
busy
16%
velvet
16%
wife
16%
ate
15%
donated
15%
lizard
15%
multicolored
15%
impression
14%
uptown
14%
hobnail
12%
momma
12%
momma?
12%
soap
12%
crowd
11%
Lying
11%
mirrors
11%
pits
7%

Score Distribution

Percentile by Number Answered

Percent of People with Each Score

Your Score History

You have not taken this quiz